logo

Bir Sreshtho Munshi Abdur Rouf Library
Jhenaidah Cadet College

জিন্না: (Record no. 11395)

MARC details
000 -LEADER
fixed length control field 00870nam a2200265 a 4500
001 - CONTROL NUMBER
JCCL Control Number 11395
003 - CONTROL NUMBER IDENTIFIER
JCCL marc code BD-JhCC
005 - DATE AND TIME OF LATEST TRANSACTION
control field 20190921091858.0
008 - FIXED-LENGTH DATA ELEMENTS--GENERAL INFORMATION
fixed length control field 190911b20092017ii a|||| ||a| 001 0 ben d
020 ## - INTERNATIONAL STANDARD BOOK NUMBER
International Standard Book Number 9788177568554
035 ## - SYSTEM CONTROL NUMBER
system control number (BD-JhCC)11395
040 ## - CATALOGING SOURCE
Original cataloging agency BD-JhCC
Modifying agency BD-JhCC
041 ## - LANGUAGE CODE
Language code of Book ben
082 ## - DEWEY DECIMAL CLASSIFICATION NUMBER
Author mark and Year SIN 2017
Classification number 954.9092
100 ## - MAIN ENTRY--PERSONAL NAME
Personal name সিংহ, যশোবন্ত
245 ## - TITLE STATEMENT
Title জিন্না:
Remainder of title ভারত দেশভাগ স্বাধীনতা /
Statement of responsibility, etc যশোবন্ত সিংহ ।
260 ## - PUBLICATION, DISTRIBUTION, ETC. (IMPRINT)
Place of publication, distribution, etc কলকাতা:
Name of publisher, distributor, etc আনন্দ;
Date of publication, distribution, etc ২০১৭.
300 ## - PHYSICAL DESCRIPTION
Pagination ৪৬২ পৃ. :
Other physical details ill;
Dimensions ২৪ সেমি.
600 ## - SUBJECT ADDED ENTRY--PERSONAL NAME
Personal name Jinnah, Mahomed Ali,
Dates associated with a name 1876-1948
650 ## - SUBJECT ADDED ENTRY--TOPICAL TERM
Topical term or geographic name as entry element Partition of India (1947)
650 ## - SUBJECT ADDED ENTRY--TOPICAL TERM
Topical term or geographic name as entry element Politics and government
650 ## - SUBJECT ADDED ENTRY--TOPICAL TERM
Topical term or geographic name as entry element Pakistan movement
942 ## - ADDED ENTRY ELEMENTS (KOHA)
Source of classification or shelving scheme Dewey Decimal Classification
Koha item type Books
Holdings
Source of classification or shelving scheme Damaged status Not for loan Home library Current library Shelving location Date of accession Cost, normal purchase price Total Checkouts Full call number Barcode Date last seen Copy number Koha item type
Dewey Decimal Classification     JCC Rouf Library JCC Rouf Library General Stacks 09/11/2019 1140.00   954.9092 SIN 2017 15475 09/11/2019 C-1 Books

JCC Library | Contacts | JCC Home

Last Update on 23 September 2017
Copyright @ 2017-2020 JCC Rouf Library
Rouf Library, Jhenidah Cadet College (JCC), Bangladesh